01048cam a22002775a 4500001000800000005001700008008004100025020001500066020001800081040002800099082002100127245011200148260004800260300003400308500002400342504004100366650003500407651001000442653003500452700003800487700002900525700003700554942002100591999001700612952014100629862546720151102141405.0101028t2011 ii a frb 001 0 eng d a8126541253 a9788126541256 aDLCcDLCdEG-ScBUEbeng04a004.678222bCLO00aCloud computing :bprinciples and paradigms /cedited by Rajkumar Buyya, James Broberg, Andrzej Goscinski. aNew Delhi :bWiley India Pvt. Ltd,cc.2011. axxv, 637 p. :bill. ;c25 cm. aIndex : p. 635-637. aIncludes bibliographical references. 7aCloud computing.2BUEsh937309 2BUEsh bCOMSCIcJune2015cNovember20151 aBuyya, Rajkumar,d1970-,eeditor.1 aBroberg, James,eeditor.1 aGościński, Andrzej,eeditor. 2ddck004.678 CLO c19926d19898 00102ddc40708AlahramaMAINbMAINcLOWd2015-06-24ePurchaseg162.00h311l0o004.678 CLOp000038792r2025-07-15 00:00:00v202.50yBB